01304cam a22004094i 4500003000900000005001700009008004100026035001800067035001800085040003300103082001700136100003700153245009500190264007100285300002800356336002100384337002500405338002300430490004100453504003900494505016900533526001000702526001000712526000900722526000900731526000900740526000900749526000900758526000900767526000900776526000800785526000800793526000800801526000800809526000800817630006900825PE-LiUPU20250731165625.0150616s r 000 0 d a(Sirsi) a6202 a(Sirsi) a6202 aPE-LiUPUbspacPE-LiUPUerda04a221bB232211 aBarthélemy, Dominique,eautor.10aCritique Textuelle De L'ancien Testament. Josué to Esther.n1 /cDominique Barthélemy. 1aFribourg Suisse :bEditions Universitaries Fibrourg Suisse,c1982. a666 páginas ;c24 cm. atext2rdacontent aunmediated2rdamedia avolume2rdacarrier0 aOrbis Biblicus et Orientalis ;v50/1 aBibliografía: páginas 627-666.0 aCommentaire textuel des Livres historiques: Josué, Juges, Ruth, 1Samuel, 2Samuel, 1Rois, 2Rois, 1Chroniques, 2Chroniques, Esdras, Néhémie, Esther.Comentarios. aSEG44 aSEG26 aP151 aP150 aP149 aP146 aP145 aP126 aP125 aP92 aP75 aP74 aP27 aP15 aBiblia.pA.T.pJosué-EstherxCrítica, interpretación, etc.